Poder e impotencia en la política exterior de Estados Unidos /

Gespeichert in:
Bibliographische Detailangaben
1. Verfasser: Stillman, Edmund
Weitere Verfasser: Pfaff, William
Format: Text
Veröffentlicht: Buenos Aires: Pleamar
Tags: Tag hinzufügen
Keine Tags, Fügen Sie den ersten Tag hinzu!

MARC

LEADER 00000 a a2200000 04500
001 25339
003
040
090 |a 181200  
100 |a Stillman, Edmund  
245 |a Poder e impotencia en la política exterior de Estados Unidos /  |c Edmund Stillman 
260 |a Buenos Aires:   |b Pleamar  
300 |a 240 p.  
700 |a Pfaff, William  
999 |c 8784  |d 8784